[Event "Thessaloniki-Chalkidiki-chT B local"]
[Site "Thessaloniki"]
[Date "2019.03.17"]
[Round "8.3"]
[White "Halkias, Nikolaos"]
[Black "Gerontopoulos, Prodromos"]
[Result "0-1"]
[WhiteElo "1750"]
[BlackElo "1629"]
[PlyCount "54"]
[EventDate "2019.01.13"]
[EventType "team-swiss"]
[EventRounds "9"]
[EventCountry "GRE"]
[SourceTitle "EXT 2020"]
[Source "ChessBase"]
[SourceDate "2019.10.17"]
[SourceVersion "1"]
[SourceVersionDate "2019.10.17"]
[SourceQuality "1"]

1. d4 d6 2. c4 Nf6 3. Nc3 Nbd7 4. e4 e5 5. d5 a5 6. Nge2 Nc5 7. Ng3 g6 8. Be2 h5 9. f3 h4 10. Nf1 Nh5 11. g3 Bh3 12. g4 Nf4 13. Bxf4 exf4 14. Nd2 Bg2 15. Rg1 h3 16. Nb3 Bg7 17. Nxc5 dxc5 18. Qa4+ Kf8 19. 0-0-0 Bd4 20. Rxd4 cxd4 21. Nb5 c5 22. dxc6 bxc6 23. Qa3+ Kg8 24. Nd6 Qh4 25. Qb3 Qf2 26. Qd1 Rb8 27. Re1 d3 0-1

[Event "Thessaloniki Triandria op 5th"]
[Site "Thessaloniki"]
[Date "2012.04.19"]
[Round "3"]
[White "Diatsintos, Ilias"]
[Black "Halkias, Nikolaos"]
[Result "1/2-1/2"]
[WhiteElo "1597"]
[BlackElo "1699"]
[PlyCount "130"]
[EventDate "2012.04.17"]
[EventType "swiss"]
[EventRounds "7"]
[EventCountry "GRE"]
[SourceTitle "EXT 2014"]
[Source "ChessBase"]
[SourceDate "2013.11.20"]
[SourceVersion "1"]
[SourceVersionDate "2013.11.20"]
[SourceQuality "1"]

1. Nf3 Nf6 2. b3 d5 3. Bb2 c5 4. e3 Nc6 5. d4 Bg4 6. Nbd2 e6 7. h3 Bh5 8. Bd3 Be7 9. g4 Bg6 10. Bxg6 hxg6 11. dxc5 Bxc5 12. Ne5 Nxe5 13. Bxe5 d4 14. Qf3 dxe3 15. fxe3 0-0 16. 0-0-0 Qe7 17. e4 b5 18. h4 Nd7 19. Bb2 Ba3 20. Qh3 Rac8 21. h5 Qc5 22. c4 bxc4 23. Nxc4 Bxb2+ 24. Kxb2 Ne5 25. hxg6 Nxc4+ 26. bxc4 Qe5+ 27. Qc3 Rb8+ 28. Kc2 Qxe4+ 29. Qd3 Qxd3+ 30. Kxd3 Rfd8+ 31. Kc3 Rxd1 32. Rxd1 fxg6 33. Rd7 a5 34. Ra7 a4 35. Rxa4 Re8 36. Ra7 g5 37. a4 e5 38. Rb7 e4 39. Kd2 e3+ 40. Ke2 Re4 41. Rb4 Kf7 42. a5 Rxg4 43. Ra4 Re4 44. a6 Re8 45. a7 Ra8 46. Kxe3 Ke6 47. Kd4 Kd6 48. Ra6+ Kc7 49. Kc5 Kb7 50. Rg6 Rxa7 51. Rxg7+ Kb8 52. Rg8+ Kc7 53. Kd5 Ra6 54. Rxg5 Rh6 55. Rg7+ Kc8 56. c5 Rf6 57. Ra7 Rh6 58. Kc4 Rg6 59. Kb5 Rh6 60. Rf7 Rg6 61. Re7 Rh6 62. c6 Rh1 63. Kb6 Rb1+ 64. Kc5 Rc1+ 65. Kd5 Rd1+ 1/2-1/2